000 00342nam a2200133Ia 4500
008 191201s2009 xx 000 0 und d
082 _a621.38173
_bUYI
100 _aUYEMURA, John P
245 0 _aIntroduction to VLSI Circuits and Systems
260 _aN.Delhi
_bWiley India
_c2009
300 _a642
650 _aB.Tech(ECE)
942 _2ddc
_cBK
999 _c4102
_d4102